000 00227nam a2200097Ia 4500
008 240625s9999 xx 000 0 und d
041 _aeng
100 _aSINGHANIA VINOD K
245 _aE TDS RETURNS EXCEL VERSION
260 _c2008
999 _c34117
_d34117